=LDR 00000nam 2200000 4500 =001 INLIS000000000025835 =005 20130612124320 =008 ***********************************Ind** =035 ##$$0010-061300000025835 =041 ##$$a Ind =082 ##$$a 635.8 =090 ##$$a 635.8, Juwb =100 ##$$a Juwantara =245 ##$$a Budidaya jamur chmpignon, Sekala rumah dan industri, Jwantara =260 ##$$a 2001 $b Jakarta =300 ##$$a 112 hlm, ilus, 21 cm =650 ##$$a Jamur =850 ##$$a NBPNMAT